| 000 | 01651nam a2200229Ia 4500 | ||
|---|---|---|---|
| 003 | Ost | ||
| 005 | 20260507074900.0 | ||
| 008 | 260507s9999||||xx |||||||||||||| ||und|| | ||
| 040 | _cfsecg | ||
| 041 | _aara | ||
| 082 | _a346.02 | ||
| 100 |
_aخليفة، عبد العزيز عبد المنعم _eمؤلف |
||
| 245 | 0 |
_a مسؤولية الإدارة عن تصرفاتها القانونية : _bالقرارات والعقود الإدارية في الفقه وقضاء مجلس الدولة / _c عبد العزيز عبد المنعم خليفة |
|
| 260 |
_aالإسكندرية: _bمنشأة المعارف, _c2007 |
||
| 300 |
_a265 صفحة؛ _bإيضاحات ؛ _c25 سم |
||
| 490 | _aسلسلة الكتب القانونية | ||
| 520 | _aمسؤولية الإدارة في مرحلة تكوين العقد الإداري، طبيعة إختصاص القضاء الإداري بالنظر المنازعات الإدارية في مرحلة تكوين العقد الإداري، أساس مسؤولية الإدارة في مرحلة إبرام العقد الإداري، المسؤولية العقدية للإدارة، نطاق المسؤولية الإدارية عن قرارات الإدارية، مسؤولية الإدارة عن قرارها الباطل،مسؤولية الإدارة عن القار المعدوم، أركان وجزاء المسؤولية الإدارية، أركان المسؤولية الإدارية، جزاء المسؤولية الإدارية | ||
| 653 | _aالإدارة | ||
| 653 | _aالعقود الإدارية | ||
| 653 | _aالمسؤولية الإدارية | ||
| 942 | _cكتاب | ||
| 999 |
_c41644 _d41644 |
||